000 00739nam a22002297a 4500
999 _c43217
_d43217
001 14338
003 CO-MdFUSB
005 20180622073152.0
008 180417t1976 ag ||||| |||| 00| 0 spa d
040 _aCO-MdFUSB
_bspa
_cCO-MdFUSB
_dCO-MdFUSBC
_erda
041 0 _aspa
_heng
082 0 4 _aG 227.84 S8885g
100 1 _aStott, John R. W.
_eautor
245 1 0 _aGuarda el buen depósito
_b : El mensaje de la Segunda Epistola del Apóstol San Pablo a Timoteo
_c / John R. W. Stott
264 4 _aBuenos Aires :
_bHebrón,
_c©1976
300 _a159 Pág.
336 _2rdacontent
_atexto
_btxt
337 _2rdamedia
_asin mediación
_bn
338 _2rdacarrier
_avolumen
_bnc
500 _aTítulo original : Guard the gospel
942 _cBK